| 000 | 00669nam a2200121Ia 4500 | ||
|---|---|---|---|
| 008 | 220615s9999||||xx |||||||||||||| ||und|| | ||
| 245 | 0 |
_aImpedance Spectroscopy _bAdvanced Applications: Battery Research, Bioimpedance, System Design |
|
| 546 | _aEnglish[eng] | ||
| 650 | _aEngineering||International Workshop on Impedance Spectroscopy||Electrochemistry and Battery Research||Bioimpedance Measurement||Sensors | ||
| 700 | _aKanoun, Olfa | ||
| 856 | _uhttps://library.oapen.org/bitstream/20.500.12657/25190/1/1004900.pdf||https://library.oapen.org/bitstream/20.500.12657/25190/1/1004900.pdf||https://library.oapen.org/bitstream/20.500.12657/25190/1/1004900.pdf | ||
| 942 | _cEB | ||
| 999 |
_c9648 _d9648 |
||